Statistics for Top 5 Songs On Unknown Memory (Yung Lean)

Click here to take the quiz!

General Stats

  • This quiz has been taken 7 times
  • The average score is 4 of 5

Answer Stats

HintAnswer% Correct
39,696,132Yoshi City
100%
21,082,573Ghosttown
83%
10,112,130Leanworld
83%
9,805,249Volt
83%
5,863,079Ice Cold Smoke
67%

Score Distribution

Percentile by Number Answered

Percent of People with Each Score

Your Score History

You have not taken this quiz